| 000 | 00881nam2a2200253 4500 | ||
|---|---|---|---|
| 001 | RU\NLR\bibl\1418107 | ||
| 005 | 20250615213658.0 | ||
| 010 |
_a978-5-699-35968-4 _97000 |
||
| 021 |
_aRU _b2009-3135и _9193и |
||
| 035 | _a(NLR Aleph) 001410061 | ||
| 090 |
_a1276742 _c1276742 |
||
| 100 | _a20090930d2009 |||y0rusy50 ca | ||
| 101 | 1 |
_arus _cund |
|
| 102 | _aRU | ||
| 105 | _aa ||||||||| | ||
| 200 | 1 | _aСмерть и клубника | |
| 210 |
_d2009 _aБ. м. |
||
| 215 |
_a189 с. _cил. |
||
| 461 | 0 |
_1001RU\NLR\bibl\1469574 _12001#$aBleach$v1, кн. 1 _91584960 _cМосква _d2009 _fТайто Кубо [текст и рис. _nЭксмо _o[манга-сериал] _tBleach _v1, кн. 1 |
|
| 801 | 0 |
_aRU _bNLR _c20090930 _gRCR |
|
| 801 | 1 |
_aRU _bNLR _c20090930 |
|
| 942 | _cBOOK | ||
| 980 | _aNB | ||